Nároky pracujúcich dôchodcov /

Hlavní autor: Soukup, Jaroslav
Další autoři: Pik, Ladislav
Jazyk: Slovenština
Vydáno: Bratislava : Práca, 1970
Vydání: 1. vyd.
Edice: Knižnica otázok a odpovedí
Fyzický popis: 115 s.
Knihy
Uloženo v:
LEADER 00752nam a22002412a 4500
001 000944725
003 CZ BrMZK
005 20090728152538.0
007 ta
008 090608s1970 xo er|||||||||||slo d
040 |a BOA001  |b cze 
100 1 |a Soukup, Jaroslav  |7 jk01120541  |4 aut 
245 1 0 |a Nároky pracujúcich dôchodcov /  |c Jaroslav Soukup, Ladislav Pik 
250 |a 1. vyd. 
260 |a Bratislava :  |b Práca,  |c 1970 
300 |a 115 s. 
490 1 |a Knižnica otázok a odpovedí ;  |v zv. 1/70 
700 1 |a Pik, Ladislav  |7 jk01093036  |4 aut 
830 0 |a Knižnica otázok a odpovedí 
910 |a BOA001  |b 1-0647.533 
990 |a BK 
991 |b 200906 
996 7 |b 2619494890  |c 1-0647.533  |l MZK  |r Sklad / do 1 hodiny  |n 0  |w 000944725  |u 000010  |a 1  |e BOA001  |j MZK50  |s A